| Tag |
First Indicator |
Second Indicator |
Subfields |
| LEADER |
00000nam a2200000 4500 |
| 001 |
in00004336949 |
| 005 |
20200812095824.0 |
| 006 |
m g d |
| 007 |
cr bn |||a|bb| |
| 008 |
851223s1660 enk o o00| | eng d |
| 035 |
|
|
|a (UnM)99858873
|
| 037 |
|
|
|a CL0051000001
|b ProQuest Information and Learning. 300 N. Zeeb Rd., Ann Arbor, MI 48106
|
| 040 |
|
|
|a Cu-RivES
|c Cu-RivES
|d CStRLIN
|e dcrb
|d WaOLN
|
| 110 |
1 |
|
|a England and Wales.
|b Sovereign (1660-1685 : Charles II)
|
| 245 |
1 |
2 |
|a A collection of His Majestie's gracious letters, speeches, messages, and declarations since April 4./14. 1660.
|
| 260 |
|
|
|a London :
|b Printed by John Bill, Printer to the Kings most excellent Majesty, 1660. At the King's Printing-house in Black-Friers,
|c [1660]
|
| 300 |
|
|
|a 1 online resource ([2], 96, 87-109 [id est 119], [1] pages)
|
| 336 |
|
|
|a text
|b txt
|2 rdacontent
|
| 337 |
|
|
|a computer
|b c
|2 rdamedia
|
| 338 |
|
|
|a online resource
|b cr
|2 rdacarrier
|
| 500 |
|
|
|a In this issue pages 55 begins: His Majestie's speech.
|
| 500 |
|
|
|a The last document in this edition is dated 25 October, 1660.
|
| 500 |
|
|
|a Reproduction of original in the British Library.
|
| 500 |
|
|
|a Annotation on Thomason copy reads: "Decemb 6".
|
| 500 |
|
|
|a Preliminary leaf bears royal Coat of Arms.
|
| 500 |
|
|
|a Q4V bears colophon: London, printed by John Bill, printer to the Kings most Excellent Majesty, 1660.
|
| 510 |
4 |
|
|a Wing (2nd edition)
|c C2937.
|
| 510 |
4 |
|
|a Thomason
|c E.191[1].
|
| 533 |
|
|
|a Electronic reproduction.
|b Ann Arbor, Mich. :
|c UMI,
|d 1999-
|f (Early English books online)
|n Digital version of: (Thomason Tracts ; 33:E191[1])
|7 s1999 miun s
|
| 600 |
0 |
0 |
|a Charles
|b II,
|c King of England,
|d 1630-1685
|v Early works to 1800.
|
| 651 |
|
4 |
|a Great Britain
|x Politics and government
|y 1660-1688
|v Early works to 1800.
|
| 651 |
|
4 |
|a Great Britain
|x History
|y Charles II, 1660-1685
|v Early works to 1800.
|
| 700 |
1 |
|
|a Charles
|b I,
|c King of England,
|d 1630-1685.
|
| 830 |
|
0 |
|a Early English books online.
|
| 856 |
4 |
0 |
|u http://proxy.library.tamu.edu/login?url=https://search.proquest.com/docview/2240877908
|z Connect to the full text of this electronic book
|t 0
|
| 999 |
f |
f |
|s 34ad8714-26b2-360a-8f0e-5cbd86805ded
|i 5b97d6e5-0650-3cde-83a8-82a1a67ae458
|t 0
|
| 952 |
f |
f |
|a Texas A&M University
|b College Station
|c Electronic Resources
|d Available Online
|t 0
|h No information provided
|
| 998 |
f |
f |
|t 0
|l Available Online
|